Statistiques concernant Franchise MLS, NBA ou NFL ?

Cliquez ici pour prendre le quiz!

Statistiques générales

  • Ce quiz a été pris 111 fois
  • Le résultat moyen est 14 sur 15

Statistiques - réponses

QuestionRéponse% Correct
Miami HeatNBA
100%
New Yorks KnicksNBA
100%
San Antonio SpursNBA
100%
Los Angeles ClippersNBA
99%
Philadelphie EaglesNFL
98%
Kansas ChiefsNFL
96%
Tennessee TitansNFL
96%
Chicago FireMLS
95%
Sacramento KingsNBA
95%
Houston DynamoMLS
90%
Philadelphia UnionMLS
90%
New York JetsNFL
89%
Atlanta FalconsNFL
86%
San José EarthquakesMLS
81%
Portland TimbersMLS
78%

Distribution des résultats

Percentile par nombre de réponses

% des personnes avec chaque résultat

Votre développement - résultats

Vous n’avez pas pris ce quiz